[Event "Roquetas de Mar op 35th"]
[Site "Roquetas de Mar"]
[Date "2024.01.03"]
[Round "3"]
[White "Grigoryan, Karen H"]
[Black "Macak, Stefan"]
[Result "1-0"]
[WhiteElo "2643"]
[BlackElo "2354"]
[PlyCount "99"]
[EventDate "2024.01.02"]
[EventType "swiss"]
[EventRounds "9"]
[EventCountry "ESP"]
[SourceTitle "CB02_2024"]
[SourceDate "2024.01.10"]
[SourceVersion "1"]
[SourceVersionDate "2024.01.10"]
[SourceQuality "1"]

1. e4 c5 2. Nf3 d6 3. d4 cxd4 4. Qxd4 Nc6 5. Bb5 Bd7 6. Bxc6 Bxc6 7. Nc3 Nf6 8. Bg5 e6 9. 0-0-0 Be7 10. Rhe1 0-0 11. Kb1 h6 12. Bh4 b5 13. Qd3 b4 14. Nd4 Bb7 15. Na4 Qa5 16. b3 Rfc8 17. f3 Ba6 18. Qd2 Rc7 19. Rc1 Rac8 20. Re3 Rc3 21. Be1 Rxe3 22. Qxe3 d5 23. e5 Nd7 24. c3 Qc7 25. f4 bxc3 26. Rxc3 Qb7 27. f5 Bg5 28. Qg3 Rc4 29. fxe6 Rxd4 30. exd7 Qxd7 31. Nc5 Qf5+ 32. Kb2 Rd1 33. Nxa6 Qb1+ 34. Ka3 Rxe1 35. Qd3 Be7+ 36. b4 Qxd3 37. Rxd3 Rxe5 38. h3 Bd8 39. Kb3 Bb6 40. a4 Re2 41. a5 Bg1 42. g4 Re3 43. Rxe3 Bxe3 44. Nc7 Kh7 45. b5 h5 46. Nxd5 Bf2 47. b6 Bxb6 48. Nxb6 hxg4 49. hxg4 Kg6 50. a6 1-0

[Event "Barcelona Sant Marti op-A 22nd"]
[Site "Barcelona"]
[Date "2022.07.18"]
[Round "6"]
[White "Fernandez Madrid, Carlos"]
[Black "Macak, Stefan"]
[Result "0-1"]
[WhiteElo "2124"]
[BlackElo "2363"]
[PlyCount "80"]
[EventDate "2022.07.13"]
[EventType "swiss"]
[EventRounds "9"]
[EventCountry "ESP"]
[SourceTitle "CBM 209 Extra"]
[Source "ChessBase"]
[SourceDate "2022.09.30"]
[SourceVersion "1"]
[SourceVersionDate "2022.09.30"]
[SourceQuality "1"]

1. d4 Nf6 2. g3 d5 3. Bg2 e6 4. Nf3 c6 5. 0-0 Nbd7 6. Bf4 Be7 7. Nbd2 0-0 8. c4 Nh5 9. Qc2 Nxf4 10. gxf4 b6 11. Rac1 Bb7 12. f5 Bd6 13. Kh1 Re8 14. e4 dxe4 15. Nxe4 Bf4 16. fxe6 Rxe6 17. Rce1 Nf8 18. Ng3 Qc7 19. Rxe6 Nxe6 20. Rd1 Rd8 21. Ne2 Bd6 22. Qe4 g6 23. Nc3 Nf4 24. Bf1 Qe7 25. c5 Qxe4 26. Nxe4 Bxc5 27. Nxc5 bxc5 28. Kg1 Ne6 29. Bg2 Nxd4 30. Re1 Nxf3+ 31. Bxf3 Rd2 32. Re7 Rxb2 33. a4 c4 34. Rc7 c3 35. Be4 f5 36. Bd3 Ba6 37. Bxa6 c2 38. Bc4+ Kh8 39. Rc8+ Kg7 40. Rc7+ Kh6 0-1

[Event "Barcelona Sant Marti op-A 22nd"]
[Site "Barcelona"]
[Date "2022.07.15"]
[Round "3"]
[White "Macak, Stefan"]
[Black "Asis Gargatagli, Hipolito"]
[Result "0-1"]
[WhiteElo "2363"]
[BlackElo "2514"]
[PlyCount "64"]
[EventDate "2022.07.13"]
[EventType "swiss"]
[EventRounds "9"]
[EventCountry "ESP"]
[SourceTitle "CBM 209 Extra"]
[Source "ChessBase"]
[SourceDate "2022.09.30"]
[SourceVersion "1"]
[SourceVersionDate "2022.09.30"]
[SourceQuality "1"]

1. e4 c5 2. Nf3 d6 3. d4 cxd4 4. Nxd4 Nf6 5. Nc3 a6 6. f3 e5 7. Nb3 Be6 8. Bg5 Nbd7 9. Qd2 Be7 10. 0-0-0 b5 11. a3 Rc8 12. Kb1 Qc7 13. h4 0-0 14. g4 Nb6 15. Bxf6 Bxf6 16. g5 Be7 17. Nd5 Nxd5 18. exd5 Bf5 19. Bd3 Bxd3 20. Qxd3 a5 21. Qxb5 Qxc2+ 22. Ka2 Rb8 23. Qa4 f6 24. Rc1 Qe2 25. f4 fxg5 26. Rhe1 Qg2 27. Qxa5 Rxb3 28. Kxb3 Rb8+ 29. Kc4 Qxb2 30. Rc3 e4 31. Rxe4 Bf6 32. Rce3 Rc8+ 0-1

[Event "SVK-ch op"]
[Site "Banska Stiavnica"]
[Date "2013.07.08"]
[Round "3"]
[White "Kula, Dominik"]
[Black "Macak, Stefan"]
[Result "0-1"]
[WhiteElo "1906"]
[BlackElo "2374"]
[PlyCount "40"]
[EventDate "2013.07.06"]
[EventType "swiss"]
[EventRounds "9"]
[EventCountry "SVK"]
[SourceTitle "CBM 155 Extra"]
[Source "ChessBase"]
[SourceDate "2013.08.26"]
[SourceVersion "1"]
[SourceVersionDate "2013.08.26"]
[SourceQuality "1"]

1. e4 d6 2. d4 g6 3. Nc3 Bg7 4. Nf3 a6 5. Be2 b5 6. 0-0 b4 7. Nd5 Bb7 8. Nxb4 Bxe4 9. Ng5 Bb7 10. Bf3 c6 11. c3 Nf6 12. Qb3 0-0 13. Nd5 cxd5 14. Qxb7 Nbd7 15. Bxd5 Rb8 16. Qc6 Qa5 17. Bb3 Rxb3 18. axb3 Qxa1 19. b4 d5 20. Nf3 Qa2 0-1

[Event "SVK-ch op"]
[Site "Banska Stiavnica"]
[Date "2013.07.07"]
[Round "2"]
[White "Macak, Stefan"]
[Black "Dolnak, Michal"]
[Result "1-0"]
[WhiteElo "2374"]
[BlackElo "2167"]
[PlyCount "37"]
[EventDate "2013.07.06"]
[EventType "swiss"]
[EventRounds "9"]
[EventCountry "SVK"]
[SourceTitle "CBM 155 Extra"]
[Source "ChessBase"]
[SourceDate "2013.08.26"]
[SourceVersion "1"]
[SourceVersionDate "2013.08.26"]
[SourceQuality "1"]

1. Nc3 d5 2. e4 d4 3. Nce2 e5 4. Ng3 Be6 5. Bb5+ c6 6. Ba4 Nd7 7. Bb3 Bxb3 8. axb3 d3 9. Nf3 Bc5 10. cxd3 Qb6 11. 0-0 Ngf6 12. d4 Bxd4 13. Nxd4 exd4 14. d3 Nc5 15. Nf5 Qxb3 16. Nxg7+ Kf8 17. Qf3 Ncd7 18. Ra3 Qb4 19. Bh6 1-0

[Event "SVK-ch op"]
[Site "Banska Stiavnica"]
[Date "2013.07.06"]
[Round "1"]
[White "Mulenko, Alexander"]
[Black "Macak, Stefan"]
[Result "0-1"]
[WhiteElo "2098"]
[BlackElo "2374"]
[PlyCount "110"]
[EventDate "2013.07.06"]
[EventType "swiss"]
[EventRounds "9"]
[EventCountry "SVK"]
[SourceTitle "CBM 155 Extra"]
[Source "ChessBase"]
[SourceDate "2013.08.26"]
[SourceVersion "1"]
[SourceVersionDate "2013.08.26"]
[SourceQuality "1"]

1. d4 Nf6 2. Nf3 g6 3. c4 Bg7 4. Nc3 0-0 5. e4 d6 6. Be2 Na6 7. h3 e5 8. d5 Nc5 9. Qc2 a5 10. Bg5 h6 11. Be3 Nh5 12. Nd2 Nf4 13. Bf1 f5 14. g3 Nh5 15. Be2 f4 16. Bxc5 dxc5 17. g4 f3 18. Bxf3 Nf4 19. 0-0-0 Qh4 20. Rdf1 h5 21. Bd1 Nxh3 22. gxh5 gxh5 23. Qd3 Nxf2 24. Rxh4 Nxd3+ 25. Kc2 Nf4 26. Bxh5 Ra6 27. Bg4 Ng6 28. Rxf8+ Kxf8 29. Bxc8 Nxh4 30. Bxb7 Rg6 31. Nb5 Bh6 32. Nb3 Rg2+ 33. Kc3 Rg3+ 34. Kc2 Rg2+ 35. Kc3 Be3 36. Nxc7 Bd4+ 37. Nxd4 exd4+ 38. Kb3 a4+ 39. Kxa4 d3 40. Ne6+ Ke7 41. Kb3 Nf3 42. e5 Rf2 43. Nxc5 Nd4+ 44. Kc3 d2 45. d6+ Kf7 46. Bd5+ Kg7 47. Kxd4 d1Q+ 48. Nd3 Rxb2 49. e6 Rb8 50. d7 Qg1+ 51. Ke4 Kf6 52. a4 Rg8 53. a5 Rg4+ 54. Nf4 Qe1+ 55. Kd3 Rg3+ 0-1

[Event "SVK-chT 1213"]
[Site "Slovakia"]
[Date "2013.03.02"]
[Round "10.6"]
[White "Macak, Stefan"]
[Black "Bernasek, Jan"]
[Result "0-1"]
[WhiteElo "2379"]
[BlackElo "2506"]
[PlyCount "62"]
[EventDate "2012.10.27"]
[EventType "team-tourn"]
[EventRounds "11"]
[EventCountry "SVK"]
[SourceTitle "EXT 2014"]
[Source "ChessBase"]
[SourceDate "2013.11.20"]
[SourceVersion "1"]
[SourceVersionDate "2013.11.20"]
[SourceQuality "1"]
[WhiteTeam "Kosice"]
[BlackTeam "Modra"]
[WhiteTeamCountry "SVK"]
[BlackTeamCountry "SVK"]

1. e4 c5 2. Nf3 d6 3. d4 cxd4 4. Nxd4 Nf6 5. Nc3 a6 6. Bc4 e6 7. Bb3 b5 8. 0-0 Be7 9. Qf3 Qb6 10. Bg5 Nbd7 11. Rad1 0-0 12. Qg3 Kh8 13. Be3 Qb7 14. f3 b4 15. Na4 Rb8 16. Rc1 Ne5 17. c3 Bd7 18. cxb4 Qxb4 19. Nc2 Qa5 20. Nc3 Nd3 21. Rb1 Nxb2 22. Rxb2 Qxc3 23. Bd4 Qd3 24. Bf2 a5 25. Ne3 a4 26. Bc4 Qa3 27. Rd2 e5 28. Rd3 Qxd3 29. Bxd3 Nh5 30. Nd5 Nxg3 31. hxg3 Bd8 0-1

[Event "SVK-chT 1112"]
[Site "Slovakia"]
[Date "2012.03.09"]
[Round "9.3"]
[White "Mazur, Stefan"]
[Black "Macak, Stefan"]
[Result "1-0"]
[WhiteElo "2372"]
[BlackElo "2368"]
[PlyCount "47"]
[EventDate "2011.10.22"]
[EventType "team-tourn"]
[EventRounds "11"]
[EventCountry "SVK"]
[SourceTitle "EXT 2013"]
[Source "ChessBase"]
[SourceDate "2012.11.22"]
[SourceVersion "1"]
[SourceVersionDate "2012.11.22"]
[SourceQuality "1"]
[WhiteTeam "Kezmarok"]
[BlackTeam "Kosice"]
[WhiteTeamCountry "SVK"]
[BlackTeamCountry "SVK"]

1. d4 e6 2. c4 b6 3. Nc3 Bb7 4. e4 Bb4 5. Qc2 Ne7 6. Nf3 0-0 7. Bd3 f5 8. Bd2 Qe8 9. 0-0-0 Qg6 10. exf5 Qxg2 11. Ng5 exf5 12. d5 h6 13. Rhg1 Qxf2 14. Rdf1 Qh4 15. Nf3 Qf6 16. a3 Bc5 17. Nb5 Bxg1 18. Rxg1 Qf7 19. Bc3 g6 20. Ne5 Qh7 21. Nxg6 Qxg6 22. Rxg6+ Nxg6 23. Bxf5 Ne7 24. Qg2+ 1-0

[Event "SVK-chT 1112"]
[Site "Slovakia"]
[Date "2012.01.14"]
[Round "5.4"]
[White "Malinovsky, Karel"]
[Black "Macak, Stefan"]
[Result "0-1"]
[WhiteElo "2357"]
[BlackElo "2368"]
[PlyCount "110"]
[EventDate "2011.10.22"]
[EventType "team-tourn"]
[EventRounds "11"]
[EventCountry "SVK"]
[SourceTitle "EXT 2013"]
[Source "ChessBase"]
[SourceDate "2012.11.22"]
[SourceVersion "1"]
[SourceVersionDate "2012.11.22"]
[SourceQuality "1"]
[WhiteTeam "Trencin"]
[BlackTeam "Kosice"]
[WhiteTeamCountry "SVK"]
[BlackTeamCountry "SVK"]

1. e4 e6 2. d4 d5 3. Nc3 Nf6 4. e5 Nfd7 5. f4 c5 6. Nf3 Nc6 7. Be3 a6 8. Qd2 b5 9. dxc5 Bxc5 10. Bxc5 Nxc5 11. Qf2 Qb6 12. Bd3 b4 13. Ne2 a5 14. 0-0 Ne7 15. Kh1 Ba6 16. Rad1 Na4 17. Qxb6 Nxb6 18. Kg1 Na4 19. Bxa6 Rxa6 20. b3 Nc5 21. a3 bxa3 22. Ra1 Nc6 23. Rxa3 Ke7 24. Nfd4 Nxd4 25. Nxd4 Rha8 26. Rfa1 Kd7 27. f5 g6 28. fxg6 hxg6 29. Rf1 Ke7 30. h4 Nd7 31. Nf3 Rc8 32. Rf2 Rc3 33. Ra1 Re3 34. Raf1 a4 35. bxa4 Rxa4 36. g3 Ra8 37. Rb1 Ra7 38. Rbf1 Rc7 39. Kg2 Rcc3 40. Ra1 Nxe5 41. Nxe5 Rxe5 42. Ra7+ Kd6 43. Raxf7 Ree3 44. Kf1 Rxg3 45. Ke1 Rce3+ 46. Kd2 Re4 47. Rh2 Rd4+ 48. Kc1 Rg1+ 49. Kb2 Rb4+ 50. Kc3 Rc4+ 51. Kb2 d4 52. Rf3 Ra4 53. Re2 e5 54. Rb3 Raa1 55. Rb6+ Kc7 0-1

[Event "SVK-chT 1112"]
[Site "Slovakia"]
[Date "2011.11.27"]
[Round "4.3"]
[White "Svana, Peter"]
[Black "Macak, Stefan"]
[Result "1-0"]
[WhiteElo "2258"]
[BlackElo "2368"]
[PlyCount "97"]
[EventDate "2011.10.22"]
[EventType "team-tourn"]
[EventRounds "11"]
[EventCountry "SVK"]
[SourceTitle "EXT 2013"]
[Source "ChessBase"]
[SourceDate "2012.11.22"]
[SourceVersion "1"]
[SourceVersionDate "2012.11.22"]
[SourceQuality "1"]
[WhiteTeam "Dunajska Streda"]
[BlackTeam "Kosice"]
[WhiteTeamCountry "SVK"]
[BlackTeamCountry "SVK"]

1. d4 Nf6 2. c4 g6 3. Nc3 Bg7 4. e4 d6 5. Nf3 0-0 6. Be2 Nbd7 7. 0-0 e5 8. Re1 c6 9. Bf1 a6 10. d5 c5 11. a3 h6 12. Bd2 Ne8 13. g3 Qe7 14. Nh4 Kh7 15. b4 Bf6 16. Ng2 Bg5 17. h4 Bxd2 18. Qxd2 Ng7 19. Ne3 f5 20. exf5 gxf5 21. Bd3 Kg8 22. Ng2 Qf6 23. Rab1 Qg6 24. Rb3 b6 25. Na4 Qf6 26. bxc5 bxc5 27. Nc3 Ra7 28. Qb2 Ne8 29. a4 f4 30. gxf4 Kh8 31. Ne4 Qg7 32. Ng3 Rg8 33. Bf1 Nef6 34. Nf5 Qf8 35. Nxd6 exf4 36. Re6 Qg7 37. Nf5 Qf8 38. Ne7 Rg7 39. Nxc8 Qxc8 40. Rxf6 Nxf6 41. Rb8 Qg8 42. Rxg8+ Nxg8 43. Kh2 Raf7 44. Qb8 f3 45. Ne3 Rb7 46. Qf8 Rbf7 47. Qxc5 Rf4 48. Bh3 Rxh4 49. Qf8 1-0

[Event "SVK-chT 1112"]
[Site "Slovakia"]
[Date "2011.10.22"]
[Round "1.4"]
[White "Macak, Stefan"]
[Black "Straka, Jozef1111"]
[Result "1/2-1/2"]
[WhiteElo "2368"]
[BlackElo "2299"]
[PlyCount "31"]
[EventDate "2011.10.22"]
[EventType "team-tourn"]
[EventRounds "11"]
[EventCountry "SVK"]
[SourceTitle "EXT 2013"]
[Source "ChessBase"]
[SourceDate "2012.11.22"]
[SourceVersion "1"]
[SourceVersionDate "2012.11.22"]
[SourceQuality "1"]
[WhiteTeam "Kosice"]
[BlackTeam "Cadca"]
[WhiteTeamCountry "SVK"]
[BlackTeamCountry "SVK"]

1. d4 d5 2. c4 c6 3. Nf3 Nf6 4. Qc2 dxc4 5. Qxc4 Bf5 6. g3 e6 7. Bg2 Nbd7 8. 0-0 Be7 9. Nc3 0-0 10. Bg5 Ne4 11. Bxe7 Qxe7 12. Rfd1 Nxc3 13. Qxc3 Be4 14. Rac1 Rfd8 15. Ne1 Bxg2 16. Nxg2 1/2-1/2

[Event "Quebec-ch op"]
[Site "Montreal"]
[Date "2011.07.30"]
[Round "9"]
[White "Macak, Stefan"]
[Black "Leveille, Francois"]
[Result "1-0"]
[WhiteElo "2391"]
[BlackElo "2290"]
[PlyCount "159"]
[EventDate "2011.07.23"]
[EventType "swiss"]
[EventRounds "9"]
[EventCountry "CAN"]
[SourceTitle "CBM 143 Extra"]
[Source "ChessBase"]
[SourceDate "2011.08.29"]
[SourceVersion "1"]
[SourceVersionDate "2011.08.29"]
[SourceQuality "1"]

1. d4 f5 2. Nf3 Nf6 3. g3 g6 4. Bg2 Bg7 5. 0-0 0-0 6. b3 d6 7. Bb2 Qe8 8. d5 Na6 9. c4 Bd7 10. Nc3 c6 11. Re1 Ne4 12. Rc1 Qf7 13. Nd2 cxd5 14. cxd5 Nb4 15. Ndxe4 fxe4 16. Rf1 Nxa2 17. Nxa2 Bxb2 18. Rc7 Bf5 19. Rxb7 Rfb8 20. Rxb8+ Rxb8 21. e3 g5 22. Qc2 Bf6 23. Bxe4 Bxe4 24. Qxe4 Rxb3 25. Nb4 Rb2 26. Rc1 a5 27. Nc6 Rd2 28. Rb1 a4 29. Qxa4 Qxd5 30. Qb3 Qxb3 31. Rxb3 Kf7 32. g4 Ke6 33. Nb4 Ke5 34. Kg2 Ke4 35. Kg3 Be5+ 36. Kg2 d5 37. Nc6 Bd6 38. Nd4 Rxd4 39. exd4 Kxd4 40. Rh3 Ke4 41. Rxh7 d4 42. Rh3 d3 43. Kf1 Bf4 44. Ke1 e6 45. Kd1 e5 46. Ke1 Kd4 47. Rh8 Ke4 48. h4 gxh4 49. Rxh4 Kf3 50. Rh3+ Kxg4 51. Rxd3 e4 52. Rb3 Bd6 53. Ke2 Bc5 54. Rb5 Ba7 55. Ra5 Bb6 56. Ra6 Bd8 57. Ke3 Kf5 58. Rc6 Bg5+ 59. Kd4 Bh4 60. Ke3 Bg5+ 61. Ke2 Bf6 62. Rc8 Kf4 63. Rc7 Bd4 64. Rc4 Ke5 65. Ra4 Kd5 66. Ra5+ Kd6 67. Kf1 Ke6 68. Kg2 Be5 69. Rb5 Kf5 70. Rc5 Ke6 71. Rc8 Bd4 72. Kg3 Kf5 73. Rf8+ Kg5 74. Kg2 Kg4 75. Kf1 Ba7 76. Ke2 Bc5 77. Rf6 Bd4 78. Rf7 Kg5 79. Rd7 Bb6 80. Rb7 1-0

[Event "Quebec-ch op"]
[Site "Montreal"]
[Date "2011.07.27"]
[Round "6"]
[White "Macak, Stefan"]
[Black "Kleiman, Jake"]
[Result "1/2-1/2"]
[WhiteElo "2391"]
[BlackElo "2375"]
[PlyCount "88"]
[EventDate "2011.07.23"]
[EventType "swiss"]
[EventRounds "9"]
[EventCountry "CAN"]
[SourceTitle "CBM 143 Extra"]
[Source "ChessBase"]
[SourceDate "2011.08.29"]
[SourceVersion "1"]
[SourceVersionDate "2011.08.29"]
[SourceQuality "1"]

1. d4 Nf6 2. c4 e6 3. g3 Bb4+ 4. Bd2 Bxd2+ 5. Qxd2 d5 6. Nf3 0-0 7. Bg2 c6 8. Nc3 Nbd7 9. cxd5 exd5 10. 0-0 Qe7 11. Rab1 a5 12. a3 Ne4 13. Nxe4 dxe4 14. Ne1 Nf6 15. Nc2 Be6 16. Ne3 Rfd8 17. Qc3 Nd5 18. Nxd5 Bxd5 19. Qe3 Re8 20. Rbc1 a4 21. Rc3 Rad8 22. Rd1 Qd6 23. Qf4 Qxf4 24. gxf4 f5 25. Rdc1 Kf7 26. Rg3 Bb3 27. e3 Bd5 28. Bh3 Kf6 29. Bf1 b5 30. Kh1 Rb8 31. Rg1 g6 32. Be2 Re7 33. Rg5 Ke6 34. h4 Kd6 35. h5 Rg7 36. h6 Rgg8 37. Kh2 Ke6 38. Kh3 Kf6 39. Kh4 Rb6 40. Bf1 Rgb8 41. Be2 R8b7 42. Rgg1 Rb8 43. Ra1 Rg8 44. Rab1 Rd8 1/2-1/2

[Event "Canadian op 48th"]
[Site "Toronto"]
[Date "2011.07.13"]
[Round "5"]
[White "Itkin, David"]
[Black "Macak, Stefan"]
[Result "1/2-1/2"]
[WhiteElo "2203"]
[BlackElo "2391"]
[PlyCount "234"]
[EventDate "2011.07.09"]
[EventType "swiss"]
[EventRounds "9"]
[EventCountry "CAN"]
[SourceTitle "EXT 2022"]
[Source "ChessBase"]
[SourceDate "2021.10.06"]
[SourceVersion "1"]
[SourceVersionDate "2021.10.06"]
[SourceQuality "1"]

1. e4 e6 2. d4 d5 3. Nc3 Bb4 4. exd5 exd5 5. Bd3 Nc6 6. a3 Ba5 7. Nge2 Nge7 8. 0-0 Bg4 9. f3 Bh5 10. Nf4 Bg6 11. Bxg6 hxg6 12. Na4 Bb6 13. c3 Qd6 14. Nh3 0-0-0 15. Bf4 Qd7 16. Nf2 f6 17. Nd3 g5 18. Ndc5 Qf5 19. Bg3 Ng6 20. Qd3 Qxd3 21. Nxd3 Rhe8 22. Rfe1 Na5 23. Nac5 Bxc5 24. Nxc5 Nf8 25. Kf2 c6 26. a4 b6 27. Nd3 Rxe1 28. Rxe1 Kd7 29. b4 Nb7 30. b5 c5 31. dxc5 bxc5 32. a5 Ne6 33. f4 gxf4 34. Nxf4 Nxf4 35. Bxf4 Nd6 36. b6 axb6 37. axb6 Rb8 38. Rb1 Rb7 39. Kf3 Kc6 40. Kg4 Nc4 41. Kf5 Nxb6 42. Kg6 Re7 43. h4 Na4 44. Rb8 Nxc3 45. Rc8+ Kb7 46. Rxc5 d4 47. h5 Rd7 48. Rc4 Nd5 49. Bd2 Nb6 50. Rc5 Nd5 51. Rc4 Nc7 52. h6 gxh6 53. Kxf6 h5 54. Rc5 Ne8+ 55. Ke6 Rg7 56. Rc4 d3 57. Rc3 Nc7+ 58. Ke5 Rd7 59. Ke4 Ne6 60. Ke5 Nc7 61. Ke4 Na6 62. Ke3 Rg7 63. Rxd3 Rg3+ 64. Kd4 Rxg2 65. Be1 Rg4+ 66. Ke5 Nc5 67. Rh3 Kc6 68. Kf5 Rg1 69. Bc3 Rf1+ 70. Kg6 Ne6 71. Bd2 Ra1 72. Bh6 Rg1+ 73. Kxh5 Kd5 74. Re3 Nd4 75. Bg5 Ne6 76. Bf6 Nf4+ 77. Kh6 Rg6+ 78. Kh7 Rxf6 79. Re1 Rg6 80. Rf1 Rg4 81. Re1 Nd3 82. Re8 Ne5 83. Kh6 Ke4 84. Kh5 Rg1 85. Kh4 Rg7 86. Kh3 Kf3 87. Rf8+ Nf7 88. Kh2 Ke3 89. Ra8 Ne5 90. Ra3+ Nd3 91. Kh3 Ke4 92. Ra4+ Kf3 93. Kh4 Nc5 94. Ra3+ Kf4 95. Kh5 Nd7 96. Ra4+ Kf5 97. Ra5+ Ne5 98. Kh4 Rg1 99. Kh3 Rg5 100. Ra4 Rg8 101. Ra5 Rc8 102. Kg3 Rc3+ 103. Kg2 Kf4 104. Ra4+ Nc4 105. Ra8 Ne3+ 106. Kf2 Rc2+ 107. Ke1 Kf3 108. Rf8+ Ke4 109. Rf4+ Kd5 110. Rd4+ Kc5 111. Rd8 Rh2 112. Rc8+ Kd4 113. Rd8+ Nd5 114. Re8 Nc3 115. Rd8+ Ke3 116. Re8+ Ne4 117. Kd1 Rh4 1/2-1/2

[Event "Odense Fynsmesterskabet"]
[Site "Odense"]
[Date "2011.06.04"]
[Round "6"]
[White "Macak, Stefan"]
[Black "Eriksson, Christian Altenburg"]
[Result "1-0"]
[WhiteElo "2400"]
[BlackElo "2139"]
[PlyCount "118"]
[EventDate "2011.06.01"]
[EventType "swiss"]
[EventRounds "9"]
[EventCountry "DEN"]
[SourceTitle "CBM 142 Extra"]
[Source "ChessBase"]
[SourceDate "2011.06.27"]
[SourceVersion "1"]
[SourceVersionDate "2011.06.27"]
[SourceQuality "1"]

1. g3 d5 2. Bg2 Nf6 3. Nf3 c6 4. 0-0 Bg4 5. h3 Bh5 6. d3 Nbd7 7. Nbd2 e5 8. e4 dxe4 9. dxe4 Bc5 10. c3 0-0 11. Qc2 Qc7 12. b4 Be7 13. Nc4 b5 14. Ne3 Bg6 15. Nh4 a5 16. Nhf5 Nb6 17. Nxe7+ Qxe7 18. Bd2 axb4 19. cxb4 Rfc8 20. Rfc1 Nfd5 21. Qb3 Nxe3 22. Bxe3 Nc4 23. Bc5 Qg5 24. Rd1 Ra3 25. Qc2 h5 26. h4 Qg4 27. Rd3 Rca8 28. Rxa3 Rxa3 29. Rd1 Qc8 30. Be7 Kh7 31. Rd3 Rxd3 32. Qxd3 Qa6 33. Qe2 f6 34. Kh2 Qa3 35. Bc5 Qb2 36. Qxb2 Nxb2 37. f3 Bf7 38. Bh3 Bxa2 39. Bd7 Bc4 40. Bxc6 Nd3 41. Bd6 Ne1 42. f4 exf4 43. gxf4 g6 44. Kg3 Kg7 45. Be8 Nc2 46. Kf2 Bd3 47. Kf3 Bc4 48. Be7 Ne1+ 49. Kg3 Nd3 50. f5 Ne5 51. Kf4 Nd3+ 52. Ke3 Ne5 53. Bd6 gxf5 54. exf5 Nf7 55. Bc5 Bf1 56. Ke4 Be2 57. Kd5 Nh6 58. Ke4 Nf7 59. Bd7 Ne5 1-0

[Event "Odense Fynsmesterskabet"]
[Site "Odense"]
[Date "2011.06.03"]
[Round "5"]
[White "Milov, Vadim"]
[Black "Macak, Stefan"]
[Result "1-0"]
[WhiteElo "2648"]
[BlackElo "2400"]
[PlyCount "84"]
[EventDate "2011.06.01"]
[EventType "swiss"]
[EventRounds "9"]
[EventCountry "DEN"]
[SourceTitle "CBM 142 Extra"]
[Source "ChessBase"]
[SourceDate "2011.06.27"]
[SourceVersion "1"]
[SourceVersionDate "2011.06.27"]
[SourceQuality "1"]

1. d4 Nf6 2. c4 g6 3. Nc3 Bg7 4. e4 d6 5. Bg5 0-0 6. Qd2 c5 7. d5 a6 8. a4 Qa5 9. Ra3 e6 10. Nge2 exd5 11. cxd5 Re8 12. Ng3 Nbd7 13. Be2 Qb4 14. 0-0 h6 15. Bf4 Ne5 16. Qc2 Qa5 17. Bd2 h5 18. f4 Neg4 19. h3 Nh6 20. Bf3 h4 21. Nge2 Nh7 22. Qc1 f5 23. e5 Qc7 24. e6 b6 25. Nd1 Bb7 26. Ne3 b5 27. Rb3 Nf6 28. Be1 Ne4 29. Bxe4 fxe4 30. Bxh4 bxa4 31. Ra3 Qb6 32. Nc3 Nf5 33. Bf2 Nxe3 34. Bxe3 Bxc3 35. Qxc3 Bxd5 36. f5 Ra7 37. Qf6 Rf8 38. Qg5 Qxb2 39. f6 Bxe6 40. Qxg6+ Kh8 41. Qh6+ Kg8 42. Bxc5 Qb4 1-0

[Event "Odense Fynsmesterskabet"]
[Site "Odense"]
[Date "2011.06.03"]
[Round "4"]
[White "Teplyi, Igor"]
[Black "Macak, Stefan"]
[Result "1-0"]
[WhiteElo "2387"]
[BlackElo "2400"]
[PlyCount "140"]
[EventDate "2011.06.01"]
[EventType "swiss"]
[EventRounds "9"]
[EventCountry "DEN"]
[SourceTitle "CBM 142 Extra"]
[Source "ChessBase"]
[SourceDate "2011.06.27"]
[SourceVersion "1"]
[SourceVersionDate "2011.06.27"]
[SourceQuality "1"]

1. d4 Nf6 2. c4 g6 3. Nc3 Bg7 4. e4 d6 5. Nf3 0-0 6. Be2 Na6 7. 0-0 e5 8. Re1 Re8 9. Bf1 Bg4 10. d5 Nb4 11. Be2 a5 12. Be3 Nh5 13. a3 Na6 14. g3 Qd7 15. Rb1 f5 16. Ng5 Bxe2 17. Qxe2 f4 18. Bc1 Bh6 19. Ne6 Ng7 20. Nxg7 Kxg7 21. gxf4 Bxf4 22. Bxf4 exf4 23. Qf3 g5 24. b4 axb4 25. axb4 Re5 26. Kh1 Kh8 27. Ne2 Rf8 28. Nd4 g4 29. Qc3 Rf6 30. Nf5 h6 31. c5 Kh7 32. f3 gxf3 33. Qxf3 dxc5 34. Ne3 Rg5 35. Rg1 Qg7 36. Nf5 Qg6 37. Qxf4 cxb4 38. Qe5 Rfxf5 39. exf5 Rxf5 40. Qe7+ Qf7 41. d6 cxd6 42. Qxd6 Qd5+ 43. Qxd5 Rxd5 44. Rbe1 Rd7 45. Re5 Nb8 46. Rb5 Nc6 47. h4 Re7 48. h5 Rd7 49. Rg6 Nd8 50. Rgb6 Rd3 51. Kg2 Rd2+ 52. Kf3 Kg7 53. Rg6+ Kh7 54. Rbb6 Rd5 55. Rxh6+ Kg7 56. Rhg6+ Kh7 57. Rh6+ Kg7 58. Rbg6+ Kf7 59. Rh7+ Kf8 60. h6 b3 61. Rf6+ Ke8 62. Rb6 Nf7 63. Re6+ Kf8 64. Rf6 Rd7 65. Rg7 b2 66. Rg1 Ke7 67. Rb6 Rc7 68. h7 Rc1 69. Rg7 Rh1 70. Kg2 Rh5 1-0

[Event "Odense Fynsmesterskabet"]
[Site "Odense"]
[Date "2011.06.01"]
[Round "1"]
[White "Macak, Stefan"]
[Black "Poulsen, Iver"]
[Result "1-0"]
[WhiteElo "2400"]
[BlackElo "2100"]
[PlyCount "105"]
[EventDate "2011.06.01"]
[EventType "swiss"]
[EventRounds "9"]
[EventCountry "DEN"]
[SourceTitle "CBM 142 Extra"]
[Source "ChessBase"]
[SourceDate "2011.06.27"]
[SourceVersion "1"]
[SourceVersionDate "2011.06.27"]
[SourceQuality "1"]

1. e4 c5 2. Nf3 Nc6 3. Nc3 e6 4. d4 cxd4 5. Nxd4 Nf6 6. Nxc6 bxc6 7. e5 Nd5 8. Ne4 Qc7 9. f4 Qb6 10. c4 Ne3 11. Qd3 Bb4+ 12. Bd2 d5 13. exd6 f5 14. Nc3 Ng4 15. Nd1 e5 16. Be2 e4 17. Qb3 Bxd2+ 18. Kxd2 Qd4+ 19. Kc2 Qxd6 20. Bxg4 fxg4 21. Ne3 Rb8 22. Qc3 0-0 23. Rad1 Qxf4 24. Rhf1 Qc7 25. Rxf8+ Kxf8 26. Qd4 Qe7 27. Rf1+ Kg8 28. Rf4 Be6 29. Rxe4 Re8 30. Kc3 Qc7 31. Qe5 Qxe5+ 32. Rxe5 Kf7 33. Ra5 Re7 34. Nf5 Rc7 35. Nd4 Bd7 36. b4 g6 37. Ra6 Ke7 38. c5 h5 39. Kc4 h4 40. Ra3 Be6+ 41. Nxe6 Kxe6 42. Re3+ Kf5 43. a4 Kf4 44. Rc3 a6 45. b5 axb5+ 46. axb5 cxb5+ 47. Kxb5 Rb7+ 48. Ka6 Rb2 49. c6 Ra2+ 50. Kb6 g3 51. hxg3+ hxg3 52. c7 Rb2+ 53. Kc6 1-0

[Event "SVK-chT 1011"]
[Site "Slovakia"]
[Date "2011.05.08"]
[Round "11.3"]
[White "Macak, Stefan"]
[Black "Federic, Pavol"]
[Result "1/2-1/2"]
[WhiteElo "2400"]
[BlackElo "2213"]
[PlyCount "82"]
[EventDate "2010.11.27"]
[EventType "team-tourn"]
[EventRounds "11"]
[EventCountry "SVK"]
[SourceTitle "EXT 2012"]
[Source "ChessBase"]
[SourceDate "2011.11.24"]
[SourceVersion "1"]
[SourceVersionDate "2011.11.24"]
[SourceQuality "1"]
[WhiteTeam "Kosice Slavia"]
[BlackTeam "Modra"]
[WhiteTeamCountry "SVK"]
[BlackTeamCountry "SVK"]

1. e4 e5 2. Nf3 Nc6 3. d4 exd4 4. Nxd4 Nf6 5. Nxc6 bxc6 6. e5 Qe7 7. Qe2 Nd5 8. c4 Ba6 9. b3 g5 10. g3 Bg7 11. Bb2 0-0 12. Bg2 Rae8 13. 0-0 Bxe5 14. Qxe5 Qxe5 15. Bxe5 Rxe5 16. cxd5 Bxf1 17. Kxf1 cxd5 18. Nc3 c6 19. Bf3 Rfe8 20. Na4 Kf8 21. Nc5 Rd8 22. Bg4 Ke7 23. f4 gxf4 24. gxf4 Re3 25. Kf2 d4 26. Rd1 f5 27. Bxf5 d5 28. Rxd4 Rc3 29. Nd7 Rxd7 30. Bxd7 Kxd7 31. Ra4 Ke6 32. Rxa7 h5 33. a4 Rxb3 34. a5 Ra3 35. a6 Ra2+ 36. Ke3 Ra3+ 37. Kd2 Kd6 38. Ke2 Ra2+ 39. Kf3 Ra3+ 40. Kf2 Ra2+ 41. Kg3 Ra3+ 1/2-1/2